| 000 | 00997nam a22002537a 4500 | ||
|---|---|---|---|
| 005 | 20120112143825.0 | ||
| 008 | 120112t xxu||||| |||| 00| 0 mar d | ||
| 010 | _aMAR-22008 | ||
| 020 |
_c180.00 _a9788172948535 |
||
| 035 | _aMR-14666 | ||
| 037 | _bDBAD/PUB | ||
| 040 |
_aDPL _bMR |
||
| 082 | _a891.463 | ||
| 100 |
_aकदम, उमेश _939079 |
||
| 245 |
_aअमानुष / _cउमेश कदम |
||
| 246 |
_aAmanush _bby Umesh Kadam |
||
| 260 |
_aपुणे _bदिलीपराज प्रकाशन _c2011 |
||
| 270 |
_a251क,शनिवार पेठ, _bपुणे _e411030 |
||
| 300 |
_a184पृ _c21सेमी(अजिल्द) |
||
| 650 |
_aमराठी कादंबरी _945447 |
||
| 650 |
_aMarathi Fiction _945448 |
||
| 942 |
_2ddc _cMR _mकदम _h891.463 |
||
| 999 |
_c65331 _d65331 |
||